| 000 | 02570cam a22005775a 4500 | ||
|---|---|---|---|
| 001 | 125119 | ||
| 005 | 20230411085949.0 | ||
| 008 | 120517s2012 nyub b 001 0 eng d | ||
| 035 | _a19452712 | ||
| 925 | 0 |
_aacquire _b1 shelf copy _xpolicy default |
|
| 942 |
_2lcc _cbk |
||
| 010 |
_a 2014319071 _z 2002044682 |
||
| 020 |
_a0802145779 _q(pbk.) |
||
| 020 |
_a9780802145772 _q(pbk.) |
||
| 035 | _a(OCoLC)ocn793832384 | ||
| 035 |
_a(OCoLC)793832384 _z(OCoLC)707255803 _z(OCoLC)793906522 |
||
| 040 |
_aBKL _beng _cBKL _dBTCTA _dBDX _dYDXCP _dSINLB _dBWX _dOCLCO _dJ2H _dQBX _dAU@ _dOCLCF _dOCLCQ _dS3O _dOCLCQ _dDLC |
||
| 041 | _aeng | ||
| 042 |
_alccopycat _alcode |
||
| 043 |
_aaw----- _aa------ _af------ |
||
| 082 | 0 | 4 |
_a956 _223 |
| 082 | 1 | 4 |
_a956 _215 |
| 097 | 1 | 4 |
_a439 DS 44 _bM627 2012 |
| 245 | 0 | 4 |
_aThe Middle East and Islamic world reader / _cedited by Marvin Gettleman and Stuart Schaar. |
| 250 | _aRev. and expanded ed. | ||
| 260 |
_aNew York, NY : _bGrove Press, _c©2012. |
||
| 300 |
_axi, 411 pages : _bmaps ; _c23 cm |
||
| 336 |
_atext _btxt _2rdacontent |
||
| 337 |
_aunmediated _bn _2rdamedia |
||
| 338 |
_avolume _bnc _2rdacarrier |
||
| 504 | _aIncludes bibliographical references (pages 391-397) and index. | ||
| 505 | 0 | _aIslamic beginnings: revelation, state building, and culture -- From the coming of steppe peoples to the age of gunpowder empires -- Contradictions of modernity: imperialism and social change -- The two world wars and their aftermaths -- Arabs and Zionists struggle over Palestine -- Geopolitics of oil and the Cold War conflict -- Ideologies, movements, and social trends -- 9/11: terrorism and wars, Arab citizens' revolt. | |
| 520 | _aTraces the history of the core Islamic lands from their Golden Age to today, revealing the Muslim world's multi-faceted societies, political systems, key figures, and relationships with outside groups. | ||
| 651 | 0 | _aMiddle East. | |
| 651 | 0 |
_aIslamic countries _xCivilization. |
|
| 651 | 4 | _aMellanostern. | |
| 650 | 7 |
_aCivilization. _2fast |
|
| 651 | 7 |
_aIslamic countries. _2fast |
|
| 651 | 7 |
_aMiddle East. _2fast |
|
| 650 | 7 |
_aHistoria. _2sao |
|
| 651 | 4 |
_aPaíses islámicos _xCivilización. |
|
| 651 | 4 | _aMedio Este. | |
| 651 | 7 |
_aIslamiska länder. _2sao |
|
| 653 | _aIslam (Middle East, Africa, Africa, Middle East) | ||
| 653 | _aHistory (Middle East, Africa, Africa, Middle East) | ||
| 653 | _aPolitics & government (Middle East, Africa, Africa, Middle East) | ||
| 700 | 1 | _aGettleman, Marvin E. | |
| 700 | 1 | _aSchaar, Stuart. | |
| 985 | _eODE-ca | ||
| 946 | _adpf | ||
| 999 |
_c110084 _d110084 |
||